Gender, History and Culture (Record no. 17295)

MARC details
000 -LEADER
fixed length control field 00546nam a2200217 a 4500
020 ## - INTERNATIONAL STANDARD BOOK NUMBER
ISBN 8131602478
082 00 - DEWEY DECIMAL CLASSIFICATION NUMBER
Classification number 305.3
Author Cutter AGA
100 ## - MAIN ENTRY--AUTHOR NAME
Author name Agarwal, Supriya
245 ## - TITLE STATEMENT
Title Gender, History and Culture
Sub title Inside the Haveli
260 ## - PUBLICATION, DISTRIBUTION, ETC. (IMPRINT)
Place of publication Delhi
Name of publisher Rawat Pub
Year of publication 2009
300 ## - PHYSICAL DESCRIPTION
Number of Pages 238p
500 ## - GENERAL NOTE
General note includes index and biblioraphy
650 ## - SUBJECT ADDED ENTRY--TOPICAL TERM
Topical Term Gender Relations
942 ## - ADDED ENTRY ELEMENTS (KOHA)
Koha item type Books
Holdings
Collection code Home library Current library Date acquired Cost, normal purchase price Full call number Accession Number Koha item type
  Henry Martyn Institute Library Henry Martyn Institute Library 01/29/2009 675.00 305.3 AGA 022679 Books
                   Copyright © 2026 | Henry Martyn Institute | Hyderabad | TS-500052 | INDIA | Implemented by hmi.edu.in
Hit-Count:

Powered by Koha